| 000 | 00849nam a2200193 a 4500 | ||
|---|---|---|---|
| 001 | 50889 | ||
| 005 | 20180714040125.0 | ||
| 008 | 140415s2006 mx 000 0 spa d | ||
| 020 | _a9707700661 | ||
| 041 | _aspa | ||
| 082 |
_a465 _bGRI |
||
| 100 | 1 | _aGRIJELMO, ALEX | |
| 245 | 1 | 3 | _aLA GRAMATICA DESCOMPLICADA |
| 250 | _a1a ed. | ||
| 260 |
_aMEXICO : _bSANTILLANA EDICIONES GENERALES, S.A. DE C.V., _c2006 |
||
| 300 |
_a529 _c15 x 3 x 23.8 |
||
| 520 | _aLA OBRA QUE TIENES EN TUS MANOS ESTA DESTINADA A PENSAR CON LA GRAMATICA, NO A MEMORIZARLA, EL LENGUAJE ES EL PENSAMIENTO, Y CONOCER COMO SE HAN ESTRUCTURADO NUESTRAS RAZONES. LA GRAMATICA TROCEA LO QUE PENSAMOS, NOS PERMITE AVERIGUAR LO QUE PASA EN EL ALMA DE QUIEN HABLA Y NOS AYUDA A ORDENAR LA REALIDAD. | ||
| 650 | 1 | 4 |
_aESPAOL _xESTUDIO Y ENSEANZA _xGRAMATICA _xLINGUISTICA |
| 999 |
_c50889 _d50889 |
||